000 00325pab a2200145 454500
008 180718b1987 xxu||||| |||| 00| 0 eng d
100 _aSwaminadhan, Srilata
245 _aGood money in famine relief
260 _c1987
300 _a6,35
362 _a12 Sept.
650 _aDrought
773 _aMainstream
909 _a7416
999 _c7416
_d7416